01021nam a2200253 a 4500001001000000003000500010005001700015008004100032010001100073011001100084040000900095100003200104245020800136260004100344500006000385502010700445650003800552650003800590650001700628650002200645650001400667856001600681856007000697000112006CHAP20220329144241.0151116s2015 mx a fsm |||||||spa d a108467 a109439 cCHAP1 aBarradas Cessa, José Luis10aEducación, gestión y autoempleo como motor de desarrollo integral sustentable en jóvenes de comunidades marginadas de la regiónn de Comapa, Veracruzh[En línea]cpor José Luis Barradas Cessa. aChapingo, Méx. :bEl autor,c2015. aPara ver el contenido del material haga clic en la liga aTesis (M. en Gestión del Desarrollo Rural) -- UACH. Dirección de Centros Regionales Universitarios14aDesarrollo de la comunidad rural.14aDesarrollo sustentablexVeracruz.14aEducación.14aEmpleoxVeracruz.14aJuventud. a1 n0000738 aFinding aiduhttp://10.13.5.2/tesis/sist112006.pdfzTeclea aquí